Biggest Cities in Missouri A-Z - Statistics

General Stats
  • This quiz has been taken 29 times
  • The average score is 7 of 23
Answer Stats
Letter Population Answer % Correct
K 508,394 Kansas City
100%
S 293,310 St. Louis
100%
C 126,853 Columbia
87%
I 122,088 Independence
74%
J 51,846 Joplin
70%
O 93,644 O'Fallon
52%
F 52,003 Florissant
48%
L 102,781 Lee's Summit
48%
B 59,430 Blue Springs
35%
U 34,629 University City
30%
W 45,452 Wentzville
22%
H 25,241 Hazelwood
17%
A 20,819 Arnold
9%
E 12,154 Eureka
9%
M 28,024 Maryland Heights
9%
N 24,137 Nixa
9%
R 29,580 Raytown
9%
D 12,933 Dardenne Prairie
4%
G 27,017 Gladstone
4%
P 16,145 Poplar Bluff
4%
T 13,358 Troy
4%
V 6,826 Valley Park
4%
Q 543 Queen City
0%
No matching quizzes found
Score Distribution
Percent of People with Each Score
Percentile by Number Answered
Your Score History
You have not taken this quiz